[Event "MCR_KT15"]
[Site "?"]
[Date "2005.??.??"]
[Round "?"]
[White "Martin, Petr"]
[Black "Farny, Miroslav"]
[Result "0-1"]
[WhiteElo "1721"]
[BlackElo "1698"]
[PlyCount "28"]
[EventDate "2005.??.??"]
[EventType "corr"]
[EventRounds "2"]
[SourceDate "2006.01.09"]

1. c4 e5 2. Nf3 e4 3. Nd4 Nc6 4. Nxc6 dxc6 5. d3 Nf6 6. f3 exf3 7. gxf3 Bd6 8.
f4 Ng4 9. h4 Bc5 10. e4 Nf2 11. Qf3 Bg4 12. Qg3 h5 13. Qg2 Nxd3+ 14. Bxd3 Qxd3
0-1

[Event "MCR_KT15"]
[Site "?"]
[Date "2005.??.??"]
[Round "?"]
[White "Petricek, Jiri"]
[Black "Martin, Petr"]
[Result "0-1"]
[WhiteElo "1647"]
[BlackElo "1721"]
[PlyCount "76"]
[EventDate "2005.??.??"]
[EventType "corr"]
[EventRounds "2"]
[SourceDate "2006.01.09"]

1. e4 d6 2. d4 Nf6 3. Nc3 Nbd7 4. f4 e5 5. fxe5 dxe5 6. dxe5 Nxe5 7. Qxd8+ Kxd8
8. Bg5 Be7 9. O-O-O+ Bd7 10. Nf3 Ng6 11. e5 Ng4 12. Nd5 Nf2 13. Bd3 Bxg5+ 14.
Nxg5 Nxe5 15. Rhe1 h6 16. Nxf7+ Nxf7 17. Rd2 Nxd3+ 18. Rxd3 Nd6 19. Re7 c6 20.
Rxg7 cxd5 21. Rxd5 Kc7 22. Rc5+ Kb6 23. b4 Bc6 24. Rg6 Rad8 25. a4 a6 26. a5+
Kc7 27. g3 Rd7 28. g4 Rhh7 29. h3 Ne4 30. Rh5 Rd2 31. Rgxh6 Rxh6 32. Rxh6 Ba4
33. c4 Rc2+ 34. Kd1 Nf2+ 35. Ke1 Bc6 36. Rh7+ Kd6 37. Rh5 Bf3 38. c5+ Kc6 0-1

[Event "MCR_KT15"]
[Site "?"]
[Date "2005.??.??"]
[Round "?"]
[White "Brunclik, Vladimir"]
[Black "Lucan, Zdenko"]
[Result "1-0"]
[WhiteElo "1845"]
[BlackElo "1559"]
[PlyCount "61"]
[EventDate "2005.??.??"]
[EventType "corr"]
[EventRounds "2"]
[SourceDate "2006.01.09"]

1. e4 g6 2. d4 Nf6 3. Nc3 d5 4. e5 Nh5 5. Be2 Ng7 6. Nf3 Bg4 7. h3 Bxf3 8. Bxf3
e6 9. g4 Be7 10. Be3 c6 11. Qd2 Nd7 12. Bh6 Bf8 13. h4 Qe7 14. O-O-O O-O-O 15.
Bg5 f6 16. exf6 Nxf6 17. h5 gxh5 18. gxh5 Qf7 19. h6 Nf5 20. Na4 Nxh6 21. Bxh6
Bxh6 22. Rxh6 Ng8 23. Rh3 Ne7 24. Bg4 Rdf8 25. Nc5 Nf5 26. Rh5 Ng7 27. Re5 h5
28. Bxe6+ Nxe6 29. Nxe6 Re8 30. Rde1 Re7 31. Ng5 1-0

[Event "MCR_KT15"]
[Site "?"]
[Date "2005.??.??"]
[Round "?"]
[White "Farny, Miroslav"]
[Black "Brunclik, Vladimir"]
[Result "1-0"]
[WhiteElo "1698"]
[BlackElo "1845"]
[PlyCount "43"]
[EventDate "2005.??.??"]
[EventType "corr"]
[EventRounds "2"]
[SourceDate "2006.01.09"]

1. d4 d5 2. Nf3 e6 3. e3 Nf6 4. c4 Bb4+ 5. Nc3 Ne4 6. Qc2 Nd7 7. Bd3 Ndf6 8.
Qa4+ c6 9. Qxb4 Nd6 10. b3 O-O 11. Ba3 Nde4 12. Qxf8+ Qxf8 13. Bxf8 Nxc3 14.
Bb4 Nce4 15. Ne5 h6 16. f3 Ng5 17. h4 Ngh7 18. g4 Nf8 19. g5 Nh5 20. gxh6 g6
21. Rg1 Nd7 22. h7+ 1-0

[Event "MCR_KT15"]
[Site "?"]
[Date "2005.??.??"]
[Round "?"]
[White "Lucan, Zdenko"]
[Black "Novak, Vaclav"]
[Result "0-1"]
[WhiteElo "1559"]
[BlackElo "1977"]
[PlyCount "80"]
[EventDate "2005.??.??"]
[EventType "corr"]
[EventRounds "2"]
[SourceDate "2006.01.09"]

1. c4 c5 2. g3 Nc6 3. Bg2 Nf6 4. a3 g6 5. Nf3 Bg7 6. d3 O-O 7. Nc3 d5 8. cxd5
Nxd5 9. Nxd5 Qxd5 10. O-O Qd6 11. Rb1 e5 12. Nd2 Be6 13. Ne4 Qe7 14. Ng5 Bf5
15. Bxc6 bxc6 16. e4 Bd7 17. Nf3 h6 18. Nd2 Kh7 19. Nc4 f5 20. exf5 Bxf5 21.
Ne3 Be6 22. Nc4 Rad8 23. b3 e4 24. Nb2 Bxb2 25. Rxb2 Rxd3 26. Rd2 Bxb3 27. Qe2
Rfd8 28. Rxd3 Rxd3 29. Re1 Bc4 30. Be3 Bd5 31. a4 c4 32. Qb2 c3 33. Qc1 h5 34.
Qc2 a6 35. Bc1 Qb4 36. Re3 Bb3 37. Qb1 Rxe3 38. Bxe3 Qxa4 39. Qe1 Qc4 40. Bc1
Qd3 0-1

[Event "MCR_KT15"]
[Site "?"]
[Date "2005.??.??"]
[Round "?"]
[White "Farny, Miroslav"]
[Black "Martin, Petr"]
[Result "1-0"]
[WhiteElo "1698"]
[BlackElo "1721"]
[PlyCount "49"]
[EventDate "2005.??.??"]
[EventType "corr"]
[EventRounds "2"]
[SourceDate "2006.01.09"]

1. d4 Nf6 2. c4 g6 3. Nc3 Bg7 4. e4 d6 5. Be2 O-O 6. Nf3 Nbd7 7. O-O e5 8. Re1
Re8 9. dxe5 dxe5 10. Qc2 c6 11. b4 Ng4 12. Rb1 Nf8 13. Rd1 Qe7 14. h3 Nh6 15.
Be3 f5 16. Bd3 f4 17. Bc5 Qf6 18. Bxf8 Rxf8 19. c5 Be6 20. Qe2 g5 21. Bc4 Rad8
22. Bxe6+ Qxe6 23. Nxg5 Qe7 24. Nf3 Nf5 25. exf5 1-0

[Event "MCR_KT15"]
[Site "?"]
[Date "2005.??.??"]
[Round "?"]
[White "Farny, Miroslav"]
[Black "Lucan, Zdenko"]
[Result "1-0"]
[WhiteElo "1698"]
[BlackElo "1559"]
[PlyCount "59"]
[EventDate "2005.??.??"]
[EventType "corr"]
[EventRounds "2"]
[SourceDate "2006.01.09"]

1. e4 c6 2. d4 d5 3. Nc3 dxe4 4. Nxe4 Bf5 5. Ng3 Bd7 6. Bc4 e6 7. Nf3 Be7 8.
Ne5 Nf6 9. Nh5 Nxh5 10. Qxh5 g6 11. Qf3 f6 12. Nxd7 Qxd7 13. Qe4 Kf7 14. O-O b5
15. Bb3 Na6 16. Re1 Nc7 17. Bh6 Bf8 18. Bd2 f5 19. Qf3 Bg7 20. Bf4 Nd5 21. Be5
Bxe5 22. Rxe5 Rae8 23. a4 Nf6 24. c3 Ng4 25. Rc5 Rc8 26. h3 Nf6 27. axb5 cxb5
28. Ra6 Rxc5 29. Bxe6+ Qxe6 30. Rxe6 1-0

[Event "MCR_KT15"]
[Site "?"]
[Date "2005.??.??"]
[Round "?"]
[White "Brunclik, Vladimir"]
[Black "Novak, Vaclav"]
[Result "0-1"]
[WhiteElo "1845"]
[BlackElo "1977"]
[PlyCount "70"]
[EventDate "2005.??.??"]
[EventType "corr"]
[EventRounds "2"]
[SourceDate "2006.01.09"]

1. e4 g6 2. d4 Bg7 3. Nc3 d6 4. f4 c6 5. Nf3 Nh6 6. h3 O-O 7. Be3 Nd7 8. Qd2
Kh8 9. e5 f6 10. exd6 exd6 11. g4 Nf7 12. f5 Re8 13. O-O-O Rxe3 14. Qxe3 Bh6
15. g5 fxg5 16. Nd2 gxf5 17. Qf2 Nf6 18. Bd3 f4 19. Kb1 d5 20. Rde1 Bd7 21. Nf3
Bg7 22. Nd1 h6 23. Bg6 Be8 24. Qe2 Nd6 25. Bxe8 Qxe8 26. Ne5 Nfe4 27. Rhg1 Bxe5
28. dxe5 Qxe5 29. h4 Rg8 30. Qh5 Qf6 31. hxg5 Rxg5 32. Rxg5 Qxg5 33. Qh2 Kh7
34. Nf2 Nd2+ 35. Ka1 Nf3 0-1

[Event "MCR_KT15"]
[Site "?"]
[Date "2005.??.??"]
[Round "?"]
[White "Petricek, Jiri"]
[Black "Lucan, Zdenko"]
[Result "1/2-1/2"]
[WhiteElo "1647"]
[BlackElo "1559"]
[PlyCount "79"]
[EventDate "2005.??.??"]
[EventType "corr"]
[EventRounds "2"]
[SourceDate "2006.01.09"]

1. e4 g6 2. d4 Nf6 3. e5 Nh5 4. Qg4 d6 5. Bb5+ c6 6. Qe2 cxb5 7. e6 Bxe6 8.
Qxb5+ Qd7 9. Nc3 Qxb5 10. Nxb5 Na6 11. Nf3 Bc4 12. a4 Bxb5 13. axb5 Nb4 14. O-O
Nxc2 15. Ra4 Nf4 16. Bxf4 Bg7 17. Rc1 Rc8 18. Ne1 O-O 19. Nxc2 Ra8 20. h3 Rfc8
21. f3 e5 22. Bd2 exd4 23. Nxd4 Rxc1+ 24. Bxc1 d5 25. Be3 Bxd4 26. Rxd4 Rd8 27.
Ra4 a6 28. bxa6 bxa6 29. Rxa6 f5 30. Rd6 Rxd6 31. Bd4 h5 32. b4 Kf7 33. b5 Rd7
34. b6 Rb7 35. Kf2 Ke6 36. Kg3 g5 37. f4 h4+ 38. Kf3 gxf4 39. Kxf4 Rb8 40. Bf2
1/2-1/2

[Event "MCR_KT15"]
[Site "?"]
[Date "2005.??.??"]
[Round "?"]
[White "Lucan, Zdenko"]
[Black "Martin, Petr"]
[Result "0-1"]
[WhiteElo "1559"]
[BlackElo "1721"]
[PlyCount "84"]
[EventDate "2005.??.??"]
[EventType "corr"]
[EventRounds "2"]
[SourceDate "2006.01.09"]

1. f4 d5 2. Nf3 c5 3. g3 Bg4 4. Bg2 Nc6 5. c3 Nf6 6. d3 e6 7. Nbd2 Be7 8. h3
Bh5 9. Ne5 Nxe5 10. fxe5 Nd7 11. g4 Bg6 12. Nf3 Bh4+ 13. Nxh4 Qxh4+ 14. Kd2
Nxe5 15. Qe1 Qxe1+ 16. Kxe1 O-O-O 17. Bf4 Nc6 18. Rc1 Kd7 19. h4 h5 20. g5 Ke7
21. a3 f6 22. gxf6+ gxf6 23. b4 cxb4 24. axb4 Ne5 25. d4 Nc4 26. e3 e5 27. dxe5
fxe5 28. Bg3 Rhg8 29. Bf2 Bf5 30. Bf3 Bg4 31. Bxg4 Rxg4 32. Rg1 Rxg1+ 33. Bxg1
Rg8 34. Bf2 a6 35. Rd1 Ke6 36. Ke2 e4 37. Rb1 Nd6 38. Rg1 Rxg1 39. Bxg1 Kf5 40.
Bf2 Kg4 41. Be1 Nf5 42. Bf2 Nxh4 0-1

[Event "MCR_KT15"]
[Site "?"]
[Date "2005.??.??"]
[Round "?"]
[White "Brunclik, Vladimir"]
[Black "Farny, Miroslav"]
[Result "0-1"]
[WhiteElo "1845"]
[BlackElo "1698"]
[PlyCount "44"]
[EventDate "2005.??.??"]
[EventType "corr"]
[EventRounds "2"]
[SourceDate "2006.01.09"]

1. e4 c6 2. d4 d5 3. Nc3 dxe4 4. Nxe4 Bf5 5. Ng3 Bg6 6. h4 h6 7. Nf3 Nd7 8. h5
Bh7 9. Bd3 Bxd3 10. Qxd3 Ngf6 11. Bd2 e6 12. O-O-O Qc7 13. Qe2 Be7 14. Ne5 O-O
15. Bf4 Nd5 16. Qd2 Nxf4 17. Nxd7 Qxd7 18. Ne4 Qc7 19. g3 Nd5 20. Kb1 Rfd8 21.
c3 b5 22. a3 b4 0-1

[Event "MCR_KT15"]
[Site "?"]
[Date "2005.??.??"]
[Round "?"]
[White "Novak, Vaclav"]
[Black "Lucan, Zdenko"]
[Result "1-0"]
[WhiteElo "1977"]
[BlackElo "1559"]
[PlyCount "77"]
[EventDate "2005.??.??"]
[EventType "corr"]
[EventRounds "2"]
[SourceDate "2006.01.09"]

1. e4 c6 2. d4 d5 3. e5 Bf5 4. Nc3 e6 5. g4 Bg6 6. Nge2 h6 7. Nf4 Bh7 8. Bd3
Bxd3 9. Qxd3 Bb4 10. Bd2 Bxc3 11. Bxc3 Ne7 12. O-O-O Nd7 13. h4 Qc7 14. Rde1
O-O-O 15. Nh5 g6 16. Ng3 Kb8 17. f4 Rdg8 18. Qe3 Nf5 19. gxf5 gxf5 20. Bb4 Ka8
21. Bd6 Qc8 22. Ne2 Nb6 23. b3 Qd8 24. Reg1 Rxg1+ 25. Rxg1 Nc8 26. Bb4 Qxh4 27.
Rg7 f6 28. exf6 Qxf6 29. Qe5 Qxe5 30. fxe5 a6 31. Nf4 Re8 32. Rg6 Ka7 33. Rxh6
Rg8 34. Rxe6 Rg4 35. Bd2 b5 36. Rxc6 Kb7 37. Rf6 Rg5 38. e6 Kb6 39. Nxd5+ 1-0

[Event "MCR_KT15"]
[Site "?"]
[Date "2005.??.??"]
[Round "?"]
[White "Brunclik, Vladimir"]
[Black "Petricek, Jiri"]
[Result "1-0"]
[WhiteElo "1845"]
[BlackElo "1647"]
[PlyCount "55"]
[EventDate "2005.??.??"]
[EventType "corr"]
[EventRounds "2"]
[SourceDate "2006.01.09"]

1. e4 e6 2. d4 d5 3. Nc3 Bb4 4. e5 Bxc3+ 5. bxc3 Ne7 6. Qg4 O-O 7. Bd3 c5 8.
Nh3 Nf5 9. O-O c4 10. Be2 Qa5 11. Bd2 Nc6 12. Rfd1 Qa4 13. Rdc1 b5 14. a3 a6
15. Ng5 Nh6 16. Qg3 Nf5 17. Qh3 h6 18. Nf3 f6 19. g4 Nfe7 20. exf6 Rxf6 21. Ne5
Nxe5 22. dxe5 Rf7 23. g5 hxg5 24. Bxg5 Nf5 25. Bh5 Rf8 26. Bg6 Nh6 27. Bxh6 Ra7
28. Be3 1-0

[Event "MCR_KT15"]
[Site "?"]
[Date "2005.??.??"]
[Round "?"]
[White "Lucan, Zdenko"]
[Black "Farny, Miroslav"]
[Result "0-1"]
[WhiteElo "1559"]
[BlackElo "1698"]
[PlyCount "52"]
[EventDate "2005.??.??"]
[EventType "corr"]
[EventRounds "2"]
[SourceDate "2006.01.09"]

1. b3 e5 2. Bb2 Nc6 3. c4 Nf6 4. e3 d5 5. cxd5 Nxd5 6. Bb5 Ndb4 7. a3 Nd3+ 8.
Bxd3 Qxd3 9. Ne2 Be6 10. Nc1 Qg6 11. g3 e4 12. Ne2 Bd6 13. Nf4 Bxf4 14. exf4
O-O-O 15. O-O h5 16. h4 Na5 17. Nc3 Nxb3 18. Rb1 Nxd2 19. Qe2 Bc4 20. Qxd2 Rxd2
21. Rfd1 e3 22. Rxd2 exd2 23. Rd1 Re8 24. Rxd2 Re1+ 25. Kg2 Bf1+ 26. Kf3 Qg4#
0-1

[Event "MCR_KT15"]
[Site "?"]
[Date "2005.??.??"]
[Round "?"]
[White "Novak, Vaclav"]
[Black "Brunclik, Vladimir"]
[Result "1-0"]
[WhiteElo "1977"]
[BlackElo "1845"]
[PlyCount "75"]
[EventDate "2005.??.??"]
[EventType "corr"]
[EventRounds "2"]
[SourceDate "2006.01.09"]

1. e4 e5 2. d4 exd4 3. Bc4 Nf6 4. Nf3 Nxe4 5. Qxd4 Nf6 6. O-O d5 7. Rd1 c6 8.
Bg5 Be7 9. Bb3 O-O 10. Nbd2 Be6 11. c3 h6 12. Bh4 Nbd7 13. Bc2 c5 14. Qf4 g5
15. Nxg5 Nh5 16. Nxe6 Nxf4 17. Nxd8 Bxd8 18. Nf3 Re8 19. g3 Ne2+ 20. Kf1 Bxh4
21. Nxh4 d4 22. Bd3 Nxg3+ 23. hxg3 Ne5 24. cxd4 cxd4 25. Nf5 h5 26. Bb5 Red8
27. Rxd4 Rxd4 28. Nxd4 Rd8 29. Nf5 Rd2 30. b3 Ng4 31. Be2 Kh7 32. Bxg4 hxg4 33.
Ne3 Rd4 34. Rd1 Rxd1+ 35. Nxd1 Kg6 36. Ke2 f5 37. Ne3 Kf6 38. Kd3 1-0

[Event "MCR_KT15"]
[Site "?"]
[Date "2005.??.??"]
[Round "?"]
[White "Martin, Petr"]
[Black "Novak, Vaclav"]
[Result "1/2-1/2"]
[WhiteElo "1721"]
[BlackElo "1977"]
[PlyCount "56"]
[EventDate "2005.??.??"]
[EventType "corr"]
[EventRounds "2"]
[SourceDate "2006.01.09"]

1. c4 g6 2. Nc3 Bg7 3. e4 e5 4. Nge2 Nf6 5. d4 exd4 6. Nxd4 d6 7. Bg5 Nbd7 8.
Qd2 h6 9. Bf4 Ne5 10. Be2 Bd7 11. O-O a6 12. Bg3 O-O 13. f4 Nc6 14. Nxc6 Bxc6
15. Qc2 Nd7 16. Rad1 Qe8 17. b4 Bxc3 18. Qxc3 Bxe4 19. Bf3 Bxf3 20. Qxf3 Rb8
21. f5 Ne5 22. Qd5 g5 23. Rde1 Qa4 24. f6 Ng6 25. Re7 Qxb4 26. Bf2 c6 27. Qd3
Ne5 28. h4 Nxd3 1/2-1/2

[Event "MCR_KT15"]
[Site "?"]
[Date "2005.??.??"]
[Round "?"]
[White "Farny, Miroslav"]
[Black "Petricek, Jiri"]
[Result "1-0"]
[WhiteElo "1698"]
[BlackElo "1647"]
[PlyCount "63"]
[EventDate "2005.??.??"]
[EventType "corr"]
[EventRounds "2"]
[SourceDate "2006.01.09"]

1. d4 Nf6 2. c4 g6 3. Nc3 d5 4. e3 Bg4 5. Qb3 dxc4 6. Qxb7 Nbd7 7. Nb5 Rc8 8.
Nxa7 Rb8 9. Qc6 Bg7 10. Qxc4 O-O 11. Nc6 Nb6 12. Qc2 Bf5 13. Bd3 Bxd3 14. Qxd3
Qd7 15. Nxb8 Rxb8 16. Qc2 Ng4 17. Nf3 Nd5 18. a3 Ra8 19. Bd2 Qb5 20. e4 Nb6 21.
b3 c5 22. a4 Qc6 23. O-O Nf6 24. Qxc5 Qxc5 25. dxc5 Nbd7 26. c6 Nc5 27. e5 Nfe4
28. Be3 Nxb3 29. c7 Nxa1 30. Rb1 Rc8 31. Rb8 Rf8 32. Rxf8+ 1-0

[Event "MCR_KT15"]
[Site "?"]
[Date "2005.??.??"]
[Round "?"]
[White "Novak, Vaclav"]
[Black "Farny, Miroslav"]
[Result "1-0"]
[WhiteElo "1977"]
[BlackElo "1698"]
[PlyCount "23"]
[EventDate "2005.??.??"]
[EventType "corr"]
[EventRounds "2"]
[SourceDate "2006.01.09"]

1. c4 e5 2. Nc3 Nf6 3. d3 Nc6 4. e4 d6 5. g3 Bd7 6. Nge2 Be7 7. Bg2 O-O 8. O-O
Re8 9. d4 exd4 10. Nxd4 Nxd4 11. Qxd4 Bf8 12. Bg5 1-0

[Event "MCR_KT15"]
[Site "?"]
[Date "2005.??.??"]
[Round "?"]
[White "Brunclik, Vladimir"]
[Black "Martin, Petr"]
[Result "1/2-1/2"]
[WhiteElo "1845"]
[BlackElo "1721"]
[PlyCount "132"]
[EventDate "2005.??.??"]
[EventType "corr"]
[EventRounds "2"]
[SourceDate "2006.01.09"]

1. e4 d6 2. d4 Nf6 3. Nc3 g6 4. f4 Bg7 5. Nf3 O-O 6. Bd3 Nc6 7. O-O Bg4 8. e5
dxe5 9. dxe5 Nd5 10. h3 Nxc3 11. bxc3 Bd7 12. Nd4 Qc8 13. Bb5 Nd8 14. Bxd7 Qxd7
15. Qf3 Qc8 16. a4 c5 17. Ne2 Nc6 18. Be3 b6 19. Rfd1 f6 20. Qd5+ e6 21. Qc4
fxe5 22. Rd6 Re8 23. Qe4 Ne7 24. fxe5 Nf5 25. Rd3 Nxe3 26. Qxe3 Bf8 27. Qf3 Qc7
28. Rad1 Rad8 29. Rxd8 Rxd8 30. Rxd8 Qxd8 31. Nf4 Qd7 32. Qd3 Qxd3 33. cxd3 Kf7
34. c4 Bg7 35. Kf2 Bxe5 36. Ne2 Kf6 37. Kf3 h5 38. Ke4 h4 39. Nc1 Bb2 40. Ne2
g5 41. Ng1 Kg6 42. Nf3 Kh5 43. Ne5 Bc3 44. Nc6 a5 45. Nd8 g4 46. Nxe6 gxh3 47.
gxh3 Kg6 48. Nf4+ Kg5 49. Nd5 Bd2 50. Nxb6 Bc3 51. Nd5 Bd4 52. Ne7 Kf6 53. Nc6
Bc3 54. d4 cxd4 55. Nxd4 Ke7 56. Nf5+ Kd7 57. Nxh4 Kc6 58. Kd3 Bf6 59. Nf5 Kc5
60. h4 Kb4 61. h5 Kxa4 62. h6 Kb4 63. Ne3 Bh8 64. h7 Kc5 65. Kc2 Kb4 66. Kd3
Kc5 1/2-1/2

[Event "MCR_KT15"]
[Site "?"]
[Date "2005.??.??"]
[Round "?"]
[White "Martin, Petr"]
[Black "Lucan, Zdenko"]
[Result "1-0"]
[WhiteElo "1721"]
[BlackElo "1559"]
[PlyCount "77"]
[EventDate "2005.??.??"]
[EventType "corr"]
[EventRounds "2"]
[SourceDate "2006.01.09"]

1. c4 e5 2. Nf3 Nc6 3. d4 exd4 4. Nxd4 Nxd4 5. Qxd4 Nf6 6. Nc3 Be7 7. e4 c5 8.
Qd3 d6 9. Bf4 a6 10. Rd1 O-O 11. Bxd6 Bxd6 12. Qxd6 Qxd6 13. Rxd6 Ne8 14. Rd2
Be6 15. Nd5 Bxd5 16. exd5 Nd6 17. Bd3 Rfe8+ 18. Re2 Rxe2+ 19. Kxe2 Re8+ 20. Kd2
b5 21. b3 b4 22. Ra1 a5 23. g4 h6 24. Bf5 g5 25. a3 bxa3 26. Rxa3 Ra8 27. Bd7
f6 28. Ra1 Ra7 29. Bc6 Kf8 30. Re1 Re7 31. Ra1 Ra7 32. Re1 Re7 33. Ra1 Ra7 34.
Kd3 Ke7 35. b4 cxb4 36. c5 Nf7 37. d6+ Nxd6 38. Re1+ Kf7 39. cxd6 1-0

[Event "MCR_KT15"]
[Site "?"]
[Date "2005.??.??"]
[Round "?"]
[White "Petricek, Jiri"]
[Black "Novak, Vaclav"]
[Result "1/2-1/2"]
[WhiteElo "1647"]
[BlackElo "1977"]
[PlyCount "76"]
[EventDate "2005.??.??"]
[EventType "corr"]
[EventRounds "2"]
[SourceDate "2006.01.09"]

1. e4 c5 2. Nf3 Nc6 3. d4 cxd4 4. Nxd4 Nf6 5. Nc3 e5 6. Ndb5 d6 7. Bg5 a6 8.
Na3 b5 9. Nd5 Be7 10. Bxf6 Bxf6 11. c4 b4 12. Nc2 a5 13. b3 O-O 14. Be2 Bg5 15.
O-O f5 16. Bd3 g6 17. exf5 gxf5 18. Qh5 e4 19. Be2 Be6 20. Rad1 Ra7 21. c5 Rg7
22. cxd6 Kh8 23. Nc7 Bd7 24. Bb5 Rf6 25. Bxc6 Rh6 26. Ne6 Rxe6 27. Bxd7 Qxd7
28. f4 Rh6 29. Qe2 Bd8 30. Qa6 Rgg6 31. Rd5 Rxd6 32. Re1 Qc7 33. Rxd6 Rxd6 34.
Qb5 Qb6+ 35. Qxb6 Bxb6+ 36. Kf1 Rd3 37. Re2 Kg7 38. Re1 Kf6 1/2-1/2

[Event "MCR_KT15"]
[Site "?"]
[Date "2005.??.??"]
[Round "?"]
[White "Petricek, Jiri"]
[Black "Brunclik, Vladimir"]
[Result "1/2-1/2"]
[WhiteElo "1647"]
[BlackElo "1845"]
[PlyCount "90"]
[EventDate "2005.??.??"]
[EventType "corr"]
[EventRounds "2"]
[SourceDate "2006.01.09"]

1. e4 e5 2. Nf3 Nf6 3. Nxe5 d6 4. Nf3 Nxe4 5. d4 d5 6. Bd3 Be7 7. O-O Nc6 8.
Re1 Nd6 9. Bf4 O-O 10. c3 Bg4 11. Qc2 Bxf3 12. gxf3 f5 13. Nd2 Bg5 14. Be5 g6
15. Re2 Nf7 16. f4 Ncxe5 17. fxe5 Bf4 18. e6 Ng5 19. Kg2 Qd6 20. e7 Rfe8 21.
Nf3 Ne4 22. Bxe4 fxe4 23. Ng1 Rxe7 24. c4 c6 25. cxd5 Qxd5 26. Rae1 e3+ 27. Nf3
Rae8 28. fxe3 Qe6 29. h3 g5 30. d5 Qe4 31. Qxe4 Rxe4 32. dxc6 bxc6 33. Nd4 c5
34. Nf5 R8e5 35. Kf3 h5 36. Nd6 g4+ 37. hxg4 hxg4+ 38. Kf2 g3+ 39. Kf3 Rxe3+
40. Rxe3 Rxe3+ 41. Rxe3 Bxd6 42. Re6 Bc7 43. Re7 Bb6 44. Kxg3 Kf8 45. Rb7 Ke8
1/2-1/2

[Event "MCR_KT15"]
[Site "?"]
[Date "2005.??.??"]
[Round "?"]
[White "Martin, Petr"]
[Black "Petricek, Jiri"]
[Result "1-0"]
[WhiteElo "1721"]
[BlackElo "1647"]
[PlyCount "49"]
[EventDate "2005.??.??"]
[EventType "corr"]
[EventRounds "2"]
[SourceDate "2006.01.09"]

1. c4 Nf6 2. Nc3 e6 3. e4 d5 4. e5 Nfd7 5. d4 dxc4 6. Bxc4 c5 7. f4 Nc6 8. d5
Ncxe5 9. dxe6 fxe6 10. Bxe6 Qf6 11. Nd5 Nd3+ 12. Kf1 Qd4 13. Qe2 Nxc1 14. Rxc1
Bd6 15. Rc4 b6 16. Rxd4 cxd4 17. Nf3 Kf8 18. Qe4 Nc5 19. Qf5+ Ke8 20. Bxc8 Kd8
21. Be6 Rf8 22. Qg5+ Ke8 23. Qxg7 Kd8 24. Ne5 Nxe6 25. Qd7# 1-0

[Event "MCR_KT15"]
[Site "?"]
[Date "2005.??.??"]
[Round "?"]
[White "Lucan, Zdenko"]
[Black "Brunclik, Vladimir"]
[Result "1/2-1/2"]
[WhiteElo "1559"]
[BlackElo "1845"]
[PlyCount "62"]
[EventDate "2005.??.??"]
[EventType "corr"]
[EventRounds "2"]
[SourceDate "2006.01.09"]

1. Nf3 d5 2. c4 dxc4 3. Qa4+ Nc6 4. Qxc4 Nf6 5. Qd3 Bg4 6. Qxd8+ Rxd8 7. a3 e6
8. b4 Be7 9. h3 Bf5 10. e3 O-O 11. Bb5 Rd6 12. Nc3 a6 13. Bxc6 Rxc6 14. O-O Ne4
15. Nxe4 Bxe4 16. Nd4 Rc4 17. Rd1 Bd3 18. Nf3 Bf6 19. Ra2 c5 20. Bb2 Rc2 21.
Ne1 Rxb2 22. Rxb2 Bxb2 23. Nxd3 Bxa3 24. bxc5 Rc8 25. Rb1 Rc7 26. Rb3 Bxc5 27.
Nxc5 Rxc5 28. Rxb7 g6 29. Kf1 h5 30. d4 Rc2 31. Ra7 Ra2 1/2-1/2

[Event "MCR_KT15"]
[Site "?"]
[Date "2005.??.??"]
[Round "?"]
[White "Novak, Vaclav"]
[Black "Martin, Petr"]
[Result "1-0"]
[WhiteElo "1977"]
[BlackElo "1721"]
[PlyCount "61"]
[EventDate "2005.??.??"]
[EventType "corr"]
[EventRounds "2"]
[SourceDate "2006.01.09"]

1. d4 Nf6 2. c4 g6 3. Nc3 Bg7 4. e4 d6 5. f3 Nbd7 6. Be3 O-O 7. Qd2 e5 8. d5
Ne8 9. O-O-O f5 10. exf5 gxf5 11. Bd3 Nc5 12. Bb1 Qh4 13. b3 a5 14. Nge2 b6 15.
g3 Qf6 16. h4 Bd7 17. Qc2 Bh6 18. Bg5 Bxg5+ 19. hxg5 Qxg5+ 20. f4 Qg7 21. g4
Rf7 22. Rh5 Qf6 23. Rdh1 fxg4 24. Rxh7 Rxh7 25. Qxh7+ Kf8 26. Ne4 Nxe4 27. Qxd7
Rd8 28. Qh7 Nc5 29. Rh6 Qg7 30. Qf5+ Qf7 31. Rh8+ 1-0

[Event "MCR_KT15"]
[Site "?"]
[Date "2005.??.??"]
[Round "?"]
[White "Petricek, Jiri"]
[Black "Farny, Miroslav"]
[Result "1-0"]
[WhiteElo "1647"]
[BlackElo "1698"]
[PlyCount "29"]
[EventDate "2005.??.??"]
[EventType "corr"]
[EventRounds "2"]
[SourceDate "2006.01.09"]

1. e4 e5 2. Nf3 Nc6 3. Bb5 d6 4. O-O Bd7 5. c3 Nf6 6. d3 a6 7. Ba4 b5 8. Bb3 h6
9. a4 Na7 10. axb5 Nxb5 11. Be3 c6 12. d4 exd4 13. cxd4 Nxe4 14. Re1 Nf6 15.
Bxh6+ 1-0

[Event "MCR_KT15"]
[Site "?"]
[Date "2005.??.??"]
[Round "?"]
[White "Farny, Miroslav"]
[Black "Novak, Vaclav"]
[Result "0-1"]
[WhiteElo "1698"]
[BlackElo "1977"]
[PlyCount "56"]
[EventDate "2005.??.??"]
[EventType "corr"]
[EventRounds "2"]
[SourceDate "2006.01.09"]

1. e4 e5 2. Nf3 Nc6 3. Bb5 a6 4. Bxc6 dxc6 5. Nc3 Bd6 6. d4 Bg4 7. dxe5 Bxf3 8.
Qxf3 Bxe5 9. O-O Nf6 10. Bg5 O-O 11. Bxf6 Bxf6 12. g3 Qe7 13. a3 Rad8 14. Rad1
Bxc3 15. Rxd8 Rxd8 16. Qxc3 Qxe4 17. Qb3 b6 18. c3 g6 19. Rd1 Rd5 20. Rxd5 cxd5
21. Qd1 c5 22. Qd2 d4 23. cxd4 cxd4 24. h4 d3 25. Qc3 Qe2 26. Qc8+ Kg7 27. Qc3+
Kh6 28. Qc8 d2 0-1

[Event "MCR_KT15"]
[Site "?"]
[Date "2005.??.??"]
[Round "?"]
[White "Martin, Petr"]
[Black "Brunclik, Vladimir"]
[Result "0-1"]
[WhiteElo "1721"]
[BlackElo "1845"]
[PlyCount "60"]
[EventDate "2005.??.??"]
[EventType "corr"]
[EventRounds "2"]
[SourceDate "2006.01.09"]

1. c4 Nf6 2. Nc3 g6 3. e4 d6 4. d4 Bg7 5. Bd3 O-O 6. Nge2 c5 7. d5 Nbd7 8. f4
Nb6 9. O-O e6 10. Ng3 exd5 11. exd5 Ng4 12. Qf3 Re8 13. Bd2 Bd4+ 14. Kh1 Be3
15. Be1 Nxh2 16. Qe2 Bg4 17. Rf3 Nxf3 18. gxf3 Bd4 19. Nge4 Bh5 20. Qg2 Qe7 21.
Bg3 Qf8 22. Nb5 f5 23. Nc7 fxe4 24. fxe4 Qh6 25. Bh2 Rf8 26. Ne6 Be3 27. f5 Rf6
28. Rf1 Nd7 29. Be2 Ne5 30. Qh3 Bxe2 0-1

[Event "MCR_KT15"]
[Site "?"]
[Date "2005.??.??"]
[Round "?"]
[White "Novak, Vaclav"]
[Black "Petricek, Jiri"]
[Result "1-0"]
[WhiteElo "1977"]
[BlackElo "1647"]
[PlyCount "59"]
[EventDate "2005.??.??"]
[EventType "corr"]
[EventRounds "2"]
[SourceDate "2006.01.09"]

1. Nf3 d5 2. c4 e6 3. d4 dxc4 4. Nc3 Bb4 5. e3 b5 6. Ne5 Bb7 7. a4 c6 8. Bd2
Nd7 9. Qg4 Nxe5 10. dxe5 g6 11. Be2 Qb6 12. O-O Qc5 13. Ne4 Qe7 14. Bxb4 Qxb4
15. Nd6+ Kd7 16. Nxb7 Kc7 17. Nd6 Nh6 18. Qd4 c5 19. Qe4 bxa4 20. Rxa4 Qb6 21.
Bxc4 Qc6 22. Qxc6+ Kxc6 23. Rfa1 a5 24. Rxa5 Rxa5 25. Rxa5 Ng4 26. Nxf7 Rf8 27.
Bxe6 Kb6 28. Ra4 Rxf7 29. Bxf7 Nxe5 30. Bd5 1-0